000 00618nam a2200193 i 4500
001 86486
003 ES-MaACL
005 20230906175446.0
007 t|
008 041213s1968 sp ||||1| spa d
100 1 _aKatritzky, Alan R.
_967625
245 1 0 _aQuímica fundamental de heterociclos /
_cA.R. Katritzky, J.M. Lagowski ; versión española de Ramón Madroñero Pelèz.
250 _a[1ª ed.].
260 _aMadrid, etc. :
_bAlhambra,
_c[1968]
300 _aVII, 230 p. ;
_c20 cm.
700 1 _aLagowski, J. M.
_969600
700 1 _aMadroñero Peláez, R.
_9129324
852 _aES-MaACL
_jC-34726
_bR.67143
999 _c86486
_d86486